<?xml version="1.0" encoding="UTF-8"?>
<record
    xmlns:xsi="http://www.w3.org/2001/XMLSchema-instance"
    xsi:schemaLocation="http://www.loc.gov/MARC21/slim http://www.loc.gov/standards/marcxml/schema/MARC21slim.xsd"
    xmlns="http://www.loc.gov/MARC21/slim">

  <leader>04562cam a22005057a 4500</leader>
  <controlfield tag="001">16476927</controlfield>
  <controlfield tag="003">OSt</controlfield>
  <controlfield tag="005">20230606153734.0</controlfield>
  <controlfield tag="008">100925s2010    sz a     b   i000 0 eng d</controlfield>
  <datafield tag="010" ind1=" " ind2=" ">
    <subfield code="a">  2010516170</subfield>
  </datafield>
  <datafield tag="016" ind1="7" ind2=" ">
    <subfield code="a">101534900</subfield>
    <subfield code="2">DNLM</subfield>
  </datafield>
  <datafield tag="020" ind1=" " ind2=" ">
    <subfield code="a">9789241563963 (pbk.)</subfield>
  </datafield>
  <datafield tag="020" ind1=" " ind2=" ">
    <subfield code="a">9241563966 (pbk.)</subfield>
  </datafield>
  <datafield tag="020" ind1=" " ind2=" ">
    <subfield code="z">9789240684935 (electronic bk.)</subfield>
  </datafield>
  <datafield tag="020" ind1=" " ind2=" ">
    <subfield code="z">924068493X (electronic bk.)</subfield>
  </datafield>
  <datafield tag="035" ind1=" " ind2=" ">
    <subfield code="a">(OCoLC)ocn640089154</subfield>
  </datafield>
  <datafield tag="040" ind1=" " ind2=" ">
    <subfield code="a">NLE</subfield>
    <subfield code="c">NLE</subfield>
    <subfield code="d">HNC</subfield>
    <subfield code="d">TPH</subfield>
    <subfield code="d">GUA</subfield>
    <subfield code="d">HPH</subfield>
    <subfield code="d">NOH</subfield>
    <subfield code="d">DLC</subfield>
  </datafield>
  <datafield tag="042" ind1=" " ind2=" ">
    <subfield code="a">lccopycat</subfield>
  </datafield>
  <datafield tag="050" ind1="0" ind2="0">
    <subfield code="a">RA645.5</subfield>
    <subfield code="b">.S78 2010</subfield>
  </datafield>
  <datafield tag="060" ind1="1" ind2="4">
    <subfield code="a">WO 700 w927</subfield>
  </datafield>
  <datafield tag="082" ind1=" " ind2=" ">
    <subfield code="a">617.1</subfield>
    <subfield code="b">WHO</subfield>
  </datafield>
  <datafield tag="245" ind1="0" ind2="0">
    <subfield code="a">Strengthening Care for the Injured :</subfield>
    <subfield code="b">Success Stories and Lessons Learned from Around the World.</subfield>
  </datafield>
  <datafield tag="260" ind1=" " ind2=" ">
    <subfield code="a">Geneva :</subfield>
    <subfield code="b">World Health Organization,</subfield>
    <subfield code="c">2010.</subfield>
  </datafield>
  <datafield tag="300" ind1=" " ind2=" ">
    <subfield code="a">vii, 62 p. :</subfield>
    <subfield code="b">ill. ;</subfield>
    <subfield code="c">30 cm.</subfield>
  </datafield>
  <datafield tag="500" ind1=" " ind2=" ">
    <subfield code="a">Editors: Charles Mock, Catherine Juillard, Manjul Joshipura, Jacques Goosen.</subfield>
  </datafield>
  <datafield tag="504" ind1=" " ind2=" ">
    <subfield code="a">Includes bibliographical references.</subfield>
  </datafield>
  <datafield tag="505" ind1="0" ind2=" ">
    <subfield code="a">Executive summary -- Introduction -- 1. Prehospital care -- 2. Hospital-based care -- 3. Rehabilitation -- 4. System-wide improvements -- Summary and lessons learned</subfield>
  </datafield>
  <datafield tag="520" ind1=" " ind2=" ">
    <subfield code="a">"Injury accounts for a significant proportion of the world's burden of disease. Each year 5.8 million people die from injury and millions more are disabled. The response to this global health problem needs to include a range of activities, from better surveillance to more in-depth research, and primary prevention. Also needed are efforts to strengthen care of the injured. The World Health Organization (WHO) has responded to this need with a variety of actions. It has supported countries in setting up trauma care programmes and in developing their capacity to care for the injured. It has also developed, in consultation with global experts, guidelines to assist with the organization and planning of trauma care, such as Prehospital trauma care systems, Guidelines for essential trauma care, and Guidelines for trauma quality improvement programmes. These publications have been used in many countries and have helped to stimulate 'on the ground' improvements and policy changes. Efforts to improve care of the injured globally received a major boost in 2007 when the World Health Assembly (WHA) adopted resolution WHA60.22 on trauma and emergency care services. This called upon governments and WHO to increase their efforts to improve care for victims of injury and other medical emergencies. It also called upon WHO to raise awareness about affordable ways in which trauma and emergency care services can be strengthened, especially through universally applicable means such as improvements in organization and planning. Similarly, resolution WHA58.23 on disability, including prevention, management, and rehabilitation, requested WHO to provide support to countries in developing rehabilitation services for people with disabilities. In response to these requests WHO collected this set of case studies, documenting success stories and lessons learned from several countries. Through this publication, WHO seeks to increase communication and the exchange of ideas among those working in the field of trauma care, whether in the prehospital setting, in acute care in hospitals, or in longer term rehabilitation; to increase communication among those involved in planning, administering, advocating for, or directly providing trauma care services; and to increase communication among those working in the field of trauma care in different countries worldwide." - p. iii</subfield>
  </datafield>
  <datafield tag="650" ind1=" " ind2="0">
    <subfield code="a">Emergency medical services.</subfield>
  </datafield>
  <datafield tag="650" ind1=" " ind2="0">
    <subfield code="a">Rehabilitation.</subfield>
  </datafield>
  <datafield tag="650" ind1=" " ind2="0">
    <subfield code="a">Traumatology.</subfield>
  </datafield>
  <datafield tag="650" ind1="1" ind2="2">
    <subfield code="a">Emergency Medical Services</subfield>
    <subfield code="v">Case Reports.</subfield>
  </datafield>
  <datafield tag="650" ind1="1" ind2="2">
    <subfield code="a">Emergency Medical Services</subfield>
    <subfield code="x">organization &amp; administration.</subfield>
  </datafield>
  <datafield tag="650" ind1="1" ind2="2">
    <subfield code="a">Emergency Treatment</subfield>
    <subfield code="v">Case Reports.</subfield>
  </datafield>
  <datafield tag="650" ind1="1" ind2="2">
    <subfield code="a">Rehabilitation</subfield>
    <subfield code="v">Case Reports.</subfield>
  </datafield>
  <datafield tag="650" ind1="1" ind2="2">
    <subfield code="a">Traumatology</subfield>
    <subfield code="v">Case Reports.</subfield>
  </datafield>
  <datafield tag="650" ind1="1" ind2="2">
    <subfield code="a">Wounds and Injuries</subfield>
    <subfield code="x">rehabilitation.</subfield>
  </datafield>
  <datafield tag="700" ind1="1" ind2=" ">
    <subfield code="a">Mock, Charles.</subfield>
  </datafield>
  <datafield tag="710" ind1="2" ind2=" ">
    <subfield code="a">World Health Organization.</subfield>
    <subfield code="b">Violence and Injury Prevention.</subfield>
  </datafield>
  <datafield tag="787" ind1="0" ind2="8">
    <subfield code="i">Also available online:</subfield>
    <subfield code="t">Strengthening care for the injured.</subfield>
    <subfield code="d">Geneva : World Health Organization, 2010</subfield>
    <subfield code="z">9789241563963</subfield>
    <subfield code="w">(OCoLC)642162399</subfield>
  </datafield>
  <datafield tag="856" ind1="4" ind2="1">
    <subfield code="u">http://whqlibdoc.who.int/publications/2010/9789241563963_eng.pdf</subfield>
  </datafield>
  <datafield tag="906" ind1=" " ind2=" ">
    <subfield code="a">7</subfield>
    <subfield code="b">cbc</subfield>
    <subfield code="c">copycat</subfield>
    <subfield code="d">3</subfield>
    <subfield code="e">ncip</subfield>
    <subfield code="f">20</subfield>
    <subfield code="g">y-gencatlg</subfield>
  </datafield>
  <datafield tag="942" ind1=" " ind2=" ">
    <subfield code="2">ddc</subfield>
    <subfield code="c">BK</subfield>
  </datafield>
  <datafield tag="999" ind1=" " ind2=" ">
    <subfield code="c">734</subfield>
    <subfield code="d">734</subfield>
  </datafield>
  <datafield tag="952" ind1=" " ind2=" ">
    <subfield code="0">0</subfield>
    <subfield code="1">0</subfield>
    <subfield code="2">ddc</subfield>
    <subfield code="4">0</subfield>
    <subfield code="7">0</subfield>
    <subfield code="a">001</subfield>
    <subfield code="b">001</subfield>
    <subfield code="d">2023-06-06</subfield>
    <subfield code="l">0</subfield>
    <subfield code="o">617.1 WHO</subfield>
    <subfield code="p">1000401</subfield>
    <subfield code="r">2023-06-06</subfield>
    <subfield code="w">2023-06-06</subfield>
    <subfield code="y">BK</subfield>
  </datafield>
</record>
